Catalog

Record Details

Catalog Search



On the preparation and delivery of sermons  Cover Image Book Book

On the preparation and delivery of sermons / by John A. Broadus ; New and revised edition by Jesse Burton Weatherspoon

Broadus, John A. (Author).

Record details

  • Physical Description: xviii + 392 p.
  • Edition: rev. ed.
  • Publisher: Nashville Broadman Press c1944

Content descriptions

General Note:
c1870, c1898, c1926

Available copies

  • 1 of 1 copy available at Common Catalog SPOK.

Holds

  • 0 current holds with 1 total copy.
Show Only Available Copies
Location Call Number / Copy Notes Barcode Shelving Location Status Due Date
ETS Library 251 424470000196 Volný výběr Available -

LDR 00726nam a2 00241
00142116
003CZ-PrJAB
00520021219000000.0
008020110s1800 xxu e |||| |eng
009us
035 . ‡a(CONS)6751
035 . ‡aKPS1625
041 . ‡aeng
08214. ‡a251
100 . ‡72112 ‡aBroadus, John A.
245 . ‡aOn the preparation and delivery of sermons / ‡cby John A. Broadus ; New and revised edition by Jesse Burton Weatherspoon
250 . ‡arev. ed.
260 . ‡aNashville ‡bBroadman Press ‡cc1944
300 . ‡axviii + 392 p.
500 . ‡ac1870, c1898, c1926
653 . ‡aOn the preparation and delivery of sermons
8524 . ‡bETS ‡bETS ‡cVolný výběr ‡j251 ‡gA ‡p424470000196
910 . ‡aABG450
999 . ‡a6751 ‡bAUTOGEN ‡c6751 ‡tbiblio
905 . ‡uadmin
901 . ‡a42116 ‡b ‡c42116 ‡tbiblio ‡sets

Additional Resources